000 01324cam a2200397 4500
999 _c24071
_d24071
001 vtls012078019
005 20251118095846.0
008 211119s2021 xo g n 010 f slo
020 _a9788022212199
_q(viazané)
040 _aSNK
_bslo
_cSNK
_erda
041 1 _aslo
_heng
044 _axo
_cSK
072 7 _a821.111(73)-3
_xAmerická próza
_2konspekt
080 _a821.111(73)-31
_22011
080 _a(0:82-312.2)
_22011
100 1 _aKidd, Sue Monk,
_d1948-
_4aut
_95306
240 1 4 _aThe Book of Longings
_lSlovensky
245 1 0 _aKniha túžob
_cSue Monk Kiddová ; z anglického originálu The Book of Longings ... preložila Katarína Ostricová
250 _aVydanie 1.
264 1 _aBratislava
_bTatran
_c2021
300 _a362 strán
_c24 cm
336 _atext
_btxt
_2rdacontent
337 _abez média
_bn
_2rdamedia
338 _azväzok
_bnc
_2rdacarrier
490 1 _aLUK - Knižnica svetových bestsellerov
_v180. zväzok
655 7 _aamerické romány
_2SNKPH
_92
655 7 _anáboženské romány
_2SNKPH
_95224
655 7 _aAmerican novels
_2SNKPHeng
_91670
655 7 _aReligious novels
_2SNKPHeng
_95225
700 1 _aOstricová, Katarína
_c(prekladateľka)
_4trl
_95307
700 1 _aRichter, Milan,
_d1948-
_4trl
_95229
958 _aLX
958 _aUP
958 _aNB
958 _aNT